<?xml version="1.0" encoding="UTF-8"?>
<record
    xmlns:xsi="http://www.w3.org/2001/XMLSchema-instance"
    xsi:schemaLocation="http://www.loc.gov/MARC21/slim http://www.loc.gov/standards/marcxml/schema/MARC21slim.xsd"
    xmlns="http://www.loc.gov/MARC21/slim">

  <leader>01009nam a22002657a 4500</leader>
  <controlfield tag="001">BRCA_9354</controlfield>
  <controlfield tag="003">FranzMayer</controlfield>
  <controlfield tag="005">20230918122232.0</controlfield>
  <controlfield tag="008">230828b        |||||||| |||| 00| 0 eng d</controlfield>
  <datafield tag="020" ind1=" " ind2=" ">
    <subfield code="a">9786076054253</subfield>
  </datafield>
  <datafield tag="040" ind1=" " ind2=" ">
    <subfield code="a">MFM</subfield>
    <subfield code="b">esp</subfield>
    <subfield code="c">MFM</subfield>
  </datafield>
  <datafield tag="050" ind1=" " ind2="0">
    <subfield code="a">NC1000</subfield>
    <subfield code="b">E83 2016</subfield>
  </datafield>
  <datafield tag="110" ind1="1" ind2=" ">
    <subfield code="4">Responsable</subfield>
    <subfield code="a">Escuela de dise&#xF1;o</subfield>
    <subfield code="9">29314</subfield>
  </datafield>
  <datafield tag="240" ind1=" " ind2=" ">
    <subfield code="a">Desaf&#xED;os del dise&#xF1;o</subfield>
    <subfield code="h">Teor&#xED;a, cr&#xED;tica e historia</subfield>
    <subfield code="l">Espa&#xF1;ol</subfield>
  </datafield>
  <datafield tag="245" ind1="0" ind2=" ">
    <subfield code="a">Desaf&#xED;os del dise&#xF1;o</subfield>
    <subfield code="b">Teor&#xED;a, cr&#xED;tica e historia</subfield>
  </datafield>
  <datafield tag="260" ind1=" " ind2=" ">
    <subfield code="a">CDMX, M&#xE9;xico</subfield>
    <subfield code="b">Secretaria de cultura</subfield>
    <subfield code="c">2016</subfield>
  </datafield>
  <datafield tag="300" ind1=" " ind2=" ">
    <subfield code="a">245 p</subfield>
    <subfield code="b">Ilustraciones</subfield>
    <subfield code="c">21 cm</subfield>
  </datafield>
  <datafield tag="500" ind1=" " ind2=" ">
    <subfield code="a">Anexo 1</subfield>
  </datafield>
  <datafield tag="500" ind1=" " ind2=" ">
    <subfield code="a">Con dedicatoria al inicio</subfield>
  </datafield>
  <datafield tag="505" ind1=" " ind2=" ">
    <subfield code="a">Texto en: espa&#xF1;olIncluye &#xED;ndice tem&#xE1;ticoDirigido a: dise&#xF1;adores, estudiantes y profesores </subfield>
  </datafield>
  <datafield tag="650" ind1="1" ind2=" ">
    <subfield code="2">Dise&#xF1;o </subfield>
    <subfield code="a">Artes decorativas</subfield>
    <subfield code="v">Usos comerciales y/o educativos</subfield>
    <subfield code="9">29315</subfield>
  </datafield>
  <datafield tag="651" ind1="2" ind2=" ">
    <subfield code="2">Escuelas de dise&#xF1;o</subfield>
    <subfield code="a">T&#xE9;cnicas de dise&#xF1;o </subfield>
    <subfield code="v">Cr&#xED;tica del dise&#xF1;o </subfield>
    <subfield code="9">29316</subfield>
  </datafield>
  <datafield tag="700" ind1="1" ind2=" ">
    <subfield code="4">Coord.</subfield>
    <subfield code="a">NMora Ojeda, Eloisa</subfield>
    <subfield code="9">29317</subfield>
  </datafield>
  <datafield tag="942" ind1=" " ind2=" ">
    <subfield code="2">lcc</subfield>
    <subfield code="c">B</subfield>
  </datafield>
  <datafield tag="999" ind1=" " ind2=" ">
    <subfield code="c">10976</subfield>
    <subfield code="d">10976</subfield>
  </datafield>
  <datafield tag="952" ind1=" " ind2=" ">
    <subfield code="0">0</subfield>
    <subfield code="1">0</subfield>
    <subfield code="2">lcc</subfield>
    <subfield code="4">0</subfield>
    <subfield code="7">0</subfield>
    <subfield code="8">FCON</subfield>
    <subfield code="a">BRCA</subfield>
    <subfield code="b">BRCA</subfield>
    <subfield code="d">2023-08-28</subfield>
    <subfield code="l">0</subfield>
    <subfield code="o">NC1000 E83 2016</subfield>
    <subfield code="p">CONT10114</subfield>
    <subfield code="r">2023-08-28 00:00:00</subfield>
    <subfield code="w">2023-08-28</subfield>
    <subfield code="y">B</subfield>
  </datafield>
</record>
